[Event "Druzynowe Mistrzostwa Polski Juniorow 2019 - II Liga"]
[Site "Szczyrk"]
[Date "1899-12-30"]
[Round "5.119"]
[White "Zybrant, Sandra"]
[Black "Kicinska, Magdalena"]
[Result "1-0"]
[WhiteTitle "II"]
[BlackTitle "I"]
[WhiteElo "1000"]
[BlackElo "1012"]

1. e4 c6 2. d4 d5 3. Nc3 dxe4 4. Nxe4 Bf5 5. Ng3 Bg6 6. Nf3 Nd7 7. h4 h6 8. h5
Bh7 9. Bd3 Bxd3 10. Qxd3 Ngf6 11. Be3 e6 12. O-O-O a5 13. Rd2 a4 14. b3 axb3 15.
cxb3 Rc8 16. Ne5 Nxe5 17. dxe5 Qxd3 18. Rxd3 Nd5 19. Kb2 Nxe3 20. Rxe3 Bc5 21.
Re2 Rd8 22. Kc2 O-O 23. f4 Rd5 24. Ne4 Rfd8 25. Nc3 Rd4 26. Rf1 b5 27. Rff2 Bb4
28. Rd2 c5 29. Rxd4 cxd4 30. Nxb5 d3+ 31. Kd1 d2 32. Nd6 Ra8 33. a4 Rb8 34. Nc4
Kh7 35. Nxd2 Bxd2 36. Rxd2 Rxb3 37. Ra2 Rb8 38. a5 Kg8 39. a6 Kf8 40. a7 Ra8 41.
Ke2 Ke7 42. Ke3 Kd7 43. g4 Kc7 44. Ke4 Kb7 45. f5 Rxa7 46. Rxa7+ Kxa7 47. f6 gxf6
48. exf6 Kb7 49. Kf4 Kc7 50. g5 e5+ 51. Kxe5 hxg5 52. h6 Kd7 53. h7 g4 54. h8=Q
g3 55. Qh3+ Ke8 56. Qxg3 Kf8 57. Qg4 Ke8 58. Qc8# 1-0

[Event "Druzynowe Mistrzostwa Polski Juniorow 2019 - II Liga"]
[Site "Szczyrk"]
[Date "1899-12-30"]
[Round "5.120"]
[White "Kicinska, Anna"]
[Black "Mielnik, Zofia"]
[Result "1-0"]
[WhiteTitle "I"]
[BlackTitle "IV"]
[WhiteElo "1000"]
[BlackElo "1000"]

1. d4 d5 2. Nf3 Nc6 3. Bf4 Bd7 4. c4 e6 5. a3 Nf6 6. Nc3 Bd6 7. Bxd6 cxd6 8. cxd5
O-O 9. dxc6 bxc6 10. e3 Rc8 11. Bd3 Qe7 12. O-O Rfe8 13. Rc1 g6 14. h3 h6 15.
b4 d5 16. Na4 Nh7 17. Nc5 Nf8 18. Ne5 Rc7 19. Qf3 Nh7 20. Ncxd7 Rxd7 21. Nxd7
Qxd7 22. Rc5 Ng5 23. Qe2 Qd6 24. Rfc1 h5 25. Rxc6 Qd8 26. Rc7 e5 27. dxe5 Ne6
28. Rxa7 Re7 29. Rxe7 Qxe7 30. Qf3 Ng5 31. Qxd5 Nh7 32. Qd6 Qf8 33. Qxf8+ Nxf8
34. b5 Kg7 35. e6 fxe6 36. b6 Nd7 37. b7 Kf8 38. Rc7 Ke7 39. Bb5 g5 40. Rxd7+
Kf6 41. b8=Q g4 42. Qf4+ Kg6 43. Bd3# 1-0

[Event "Druzynowe Mistrzostwa Polski Juniorow 2019 - II Liga"]
[Site "Szczyrk"]
[Date "1899-12-30"]
[Round "6.1"]
[White "Pniaczek, Marek"]
[Black "Sanz, Wawer Daniel"]
[Result "0-1"]
[WhiteTitle "CM"]
[BlackTitle "k"]
[WhiteElo "2276"]
[BlackElo "2154"]

1. e4 c6 2. Nc3 d5 3. Nf3 Nf6 4. e5 Ne4 5. d4 Nxc3 6. bxc3 e6 7. Rb1 c5 8. dxc5
Nd7 9. c4 dxc4 10. Bxc4 Bxc5 11. O-O O-O 12. Qe2 Be7 13. Rd1 Qc7 14. Qe4 Nc5 15.
Qg4 Kh8 16. Bg5 b6 17. Bxe7 Qxe7 18. Rd6 Bb7 19. Rbd1 Be4 20. Nd4 Rad8 21. f3
Ba8 22. Qg3 Rc8 23. Nb3 Ne4 24. fxe4 Rxc4 25. Qd3 Rxe4 26. Qg3 Re2 27. R1d2 Rxd2
28. Nxd2 Qc7 29. c3 h6 30. Nb3 Be4 31. Nd4 Rc8 32. Qf4 Bd5 33. h4 Qxc3 34. Kh2
Qc7 35. a3 Kg8 36. Qg4 Rd8 37. Nb5 Qe7 38. Nxa7 Rxd6 39. Nc8 Qc7 40. Nxd6 Qd7
41. Qb4 Qe7 42. g3 Qc7 43. Qd2 f6 44. Nf5 Qxe5 45. Ne7+ Kf7 46. Nxd5 Qxd5 47.
Qc3 Qd6 48. a4 e5 49. Qc4+ Qe6 50. Qc7+ Kg8 51. Qd8+ Kh7 52. Qd2 e4 53. Qe2 Qd5
54. Kg2 e3+ 55. Kg1 Qe4 56. Kh2 f5 57. Kg1 Qxa4 58. Qxe3 Qc6 59. Qf2 Qc5 0-1

[Event "Druzynowe Mistrzostwa Polski Juniorow 2019 - II Liga"]
[Site "Szczyrk"]
[Date "1899-12-30"]
[Round "6.2"]
[White "Golecki, Jan"]
[Black "Musial, Tomasz"]
[Result "0-1"]
[WhiteTitle "I++"]
[BlackTitle "k"]
[WhiteElo "1947"]
[BlackElo "1856"]

1. e4 e6 2. d4 d5 3. Nd2 c5 4. exd5 Qxd5 5. Ngf3 cxd4 6. Bc4 Qd6 7. O-O Nf6 8.
Nb3 Nc6 9. Nbxd4 Nxd4 10. Nxd4 a6 11. Re1 Qc7 12. Bf1 Bd6 13. Nf5 Bxh2+ 14. Kh1
Kf8 15. Qd4 exf5 16. Qxf6 h6 17. Qd4 Bd6 18. Bc4 Be6 19. Bxe6 Qe7 20. Bd2 fxe6
21. Bc3 Bc5 22. Qf4 Kf7 23. Kg1 Rhe8 24. Qe5 Kg8 25. Rad1 Rac8 26. Rd3 Qc7 27.
Red1 Qxe5 28. Bxe5 Kf7 29. c3 Re7 30. Rd7 Rce8 31. b4 Rxd7 32. Rxd7+ Re7 33. Rd8
Bb6 34. Rc8 Rd7 35. a4 Rd8 36. Rc4 Rd5 37. Bg3 e5 38. a5 Bd8 39. f3 Ke6 40. Kf1
Kd7 41. Ke2 Bf6 42. Bf2 Rd6 43. Rc5 Rc6 44. Kd3 Rxc5 45. Bxc5 Be7 46. Be3 Ke6
47. Bd2 h5 48. c4 h4 49. b5 g5 50. Be3 g4 51. fxg4 fxg4 52. Ke4 Bd8 53. Bd2 Bc7
54. Be1 h3 55. gxh3 gxh3 56. Bg3 axb5 57. cxb5 Bxa5 58. Kf3 Kd5 59. Bf2 Kc4 60.
Bg3 Bc3 61. Kg4 Kxb5 62. Kxh3 Kc4 63. Kg2 Kd3 0-1

[Event "Druzynowe Mistrzostwa Polski Juniorow 2019 - II Liga"]
[Site "Szczyrk"]
[Date "1899-12-30"]
[Round "6.3"]
[White "Kutowski, Marcel"]
[Black "Kazmierowski, Tymon"]
[Result "1/2-1/2"]
[WhiteTitle "I"]
[BlackTitle "II"]
[WhiteElo "1659"]
[BlackElo "1537"]

1. e4 c5 2. Nf3 d6 3. d4 cxd4 4. Qxd4 a6 5. c4 Nc6 6. Qd2 Nf6 7. Nc3 g6 8. b3 Bg7
9. Bb2 Bd7 10. Be2 Rc8 11. O-O O-O 12. Rfe1 Bg4 13. Rad1 Qd7 14. h3 Bxf3 15. Bxf3
Rfd8 16. Nd5 Nxd5 17. Bxg7 Kxg7 18. exd5 Ne5 19. Qd4 Kg8 20. Be2 f5 21. f4 Nf7
22. Bd3 b5 23. cxb5 axb5 24. Re2 Qb7 25. b4 Re8 26. g4 fxg4 27. hxg4 Qd7 28. f5
Ne5 29. Rf1 Rc1 30. Kg2 Rxf1 31. Kxf1 Rc8 32. Rxe5 dxe5 33. Qxe5 Qd6 34. Qxd6
exd6 35. fxg6 hxg6 36. Bxb5 Rc2 37. a4 Rb2 38. Be8 Rxb4 39. Bxg6 Rxg4 40. Be8
Rf4+ 41. Kg2 Kf8 42. Bc6 Rb4 43. Kf3 Ke7 44. Ke3 Kd8 45. Kd3 Kc7 46. Kc3 Rb6 47.
Kc4 Rxc6+ 48. dxc6 Kxc6 49. a5 d5+ 50. Kd4 Kb5 51. Kxd5 Kxa5 1/2-1/2

[Event "Druzynowe Mistrzostwa Polski Juniorow 2019 - II Liga"]
[Site "Szczyrk"]
[Date "1899-12-30"]
[Round "6.4"]
[White "Wolski, Michal"]
[Black "Wilk, Igor"]
[Result "0-1"]
[WhiteTitle "II"]
[BlackTitle "I"]
[WhiteElo "1454"]
[BlackElo "1689"]

1. e4 c6 2. d4 d5 3. exd5 cxd5 4. c4 Nf6 5. Nc3 e6 6. Nf3 Be7 7. Bd3 dxc4 8. Bxc4
O-O 9. O-O Nbd7 10. Qe2 Nb6 11. Bd3 Nbd5 12. a3 b6 13. Bd2 Bb7 14. Rac1 Nxc3 15.
Bxc3 Qd5 16. Qe5 Rac8 17. Qxd5 Nxd5 18. Bd2 Bd6 19. Ne5 f6 20. Nc4 Bf4 21. Ne3
Bd6 22. Nxd5 Bxd5 23. b4 Kf7 24. a4 f5 25. a5 Rxc1 26. Rxc1 bxa5 27. bxa5 Rb8
28. Rb1 Rxb1+ 29. Bxb1 Bc4 30. f3 Ba3 31. Bc3 g6 32. Kf2 Ke7 33. Bc2 Kd6 34. g4
Kd5 35. g5 Bc1 36. h4 h6 37. gxh6 Bxh6 38. Bb1 Bg7 39. Ke3 Bf6 40. Bc2 Bxh4 41.
Ba4 Bf6 42. Be8 g5 43. Bh5 f4+ 44. Kd2 Bxd4 45. Bxd4 Kxd4 46. Bg4 e5 47. Bf5 Bd5
48. Ke2 e4 49. Bg4 exf3+ 50. Bxf3 Bxf3+ 51. Kxf3 Kd3 52. a6 Kd2 53. Kf2 g4 54.
Kf1 g3 55. Kg2 Ke2 56. Kg1 f3 57. Kh1 f2 0-1

[Event "Druzynowe Mistrzostwa Polski Juniorow 2019 - II Liga"]
[Site "Szczyrk"]
[Date "1899-12-30"]
[Round "6.5"]
[White "Pyzio, Amelia"]
[Black "Trzaskowska, Hanna"]
[Result "1/2-1/2"]
[WhiteTitle "I++"]
[BlackTitle "I"]
[WhiteElo "1616"]
[BlackElo "1628"]

1. e4 e5 2. Nf3 Nc6 3. Nc3 Nf6 4. a3 Be7 5. d4 d6 6. d5 Nb8 7. Be2 O-O 8. O-O Ne8
9. Nd2 f5 10. exf5 Bxf5 11. Nde4 c6 12. Bf3 Nc7 13. Be3 Qd7 14. Re1 cxd5 15. Nxd5
Nxd5 16. Qxd5+ Be6 17. Qd2 Nc6 18. Rad1 Rfd8 19. Nc3 Kh8 20. Bd5 Bxd5 21. Qxd5
Bf6 22. Ne4 Ne7 23. Qxd6 Qxd6 24. Nxd6 Kg8 25. Nxb7 Rxd1 26. Rxd1 Nf5 27. Na5
Nxe3 28. fxe3 Rc8 29. Rd2 Bg5 30. Kf2 Rc5 31. Nb3 Rc4 32. g3 Re4 33. Re2 h5 34.
Nc5 Rc4 35. Nd3 e4 36. Nb4 a5 37. Nd5 Kf7 38. Rd2 g6 39. Ke2 Ke6 40. Nf4+ Bxf4
41. exf4 Rc5 42. Ke3 Kf5 43. b4 Rc3+ 44. Kd4 Rxa3 45. bxa5 Rxa5 46. Re2 Ra2 47.
Rd2 h4 48. gxh4 Ra4+ 49. c4 Kxf4 50. Rf2+ Kg4 51. Rg2+ Kf5 52. h3 e3 53. Kxe3
Rxc4 54. Rg5+ Kf6 55. Rg4 1/2-1/2

[Event "Druzynowe Mistrzostwa Polski Juniorow 2019 - II Liga"]
[Site "Szczyrk"]
[Date "1899-12-30"]
[Round "6.6"]
[White "Moscicka, Alicja"]
[Black "Straczek, Wiktoria"]
[Result "0-1"]
[WhiteTitle "II"]
[BlackTitle "I"]
[WhiteElo "1000"]
[BlackElo "1316"]

1. d4 Nf6 2. c4 e6 3. Bd2 d5 4. c5 g6 5. Nf3 Bg7 6. e3 O-O 7. Bd3 Nc6 8. O-O Qe7
9. Bc3 Nd7 10. e4 e5 11. dxe5 dxe4 12. Bxe4 Ndxe5 13. Bxc6 Nxc6 14. Bxg7 Kxg7
15. Qc2 Bf5 16. Qc3+ Qf6 17. Re1 Rfe8 18. Qxf6+ Kxf6 19. Nbd2 Rad8 20. Rac1 Nb4
21. Rxe8 Rxe8 22. a3 Nd3 23. Rc2 Re2 24. Nd4 Re1+ 25. Nf1 Nc1 26. Nxf5 Ne2+ 27.
Rxe2 Rxe2 28. Nd4 Rxb2 29. g3 a6 30. Ne3 h6 31. Kg2 h5 32. h3 Ke5 33. Nf3+ Ke6
34. Nd4+ Ke7 35. Ndc2 Rb3 36. f4 c6 37. Nc4 Rb5 38. N2e3 Rxc5 39. Nb6 Kd6 40.
Nec4+ Kc7 41. Kf3 Rb5 42. Ke4 Rb3 43. a4 Rxg3 44. h4 Rg4 45. a5 f6 46. Na4 Rxh4
47. Kf3 g5 48. Kg3 Rxf4 49. Ncb2 Rf5 50. Kh3 Rxa5 51. Kg3 Rf5 52. Kh3 b5 53. Nc3
Rf3+ 54. Kg2 Rxc3 55. Kg1 Rc1+ 56. Kf2 Rc2+ 57. Kg3 Rxb2 0-1

[Event "Druzynowe Mistrzostwa Polski Juniorow 2019 - II Liga"]
[Site "Szczyrk"]
[Date "1899-12-30"]
[Round "6.7"]
[White "Kawalko, Adam"]
[Black "Gorkiewicz, Mateusz"]
[Result "1/2-1/2"]
[WhiteTitle "I+"]
[BlackTitle "I"]
[WhiteElo "1920"]
[BlackElo "1985"]

1. e4 e5 2. Nf3 Nc6 3. Bb5 a6 4. Ba4 Nf6 5. O-O b5 6. Bb3 Be7 7. d4 d6 8. dxe5
Nxe5 9. Nxe5 dxe5 10. Qxd8+ Bxd8 11. a4 Bb7 12. axb5 axb5 13. Rxa8 Bxa8 14. f3
Be7 15. Be3 O-O 16. Rd1 Rd8 17. Rxd8+ Bxd8 18. Nc3 Bc6 19. Kf2 Be7 20. Nd5 Nxd5
21. Bxd5 Bxd5 22. exd5 Kf8 23. b3 Ke8 24. c4 bxc4 25. bxc4 f5 26. Ke2 Bf6 27.
Kd3 Kd7 28. c5 g6 29. h3 Bh4 30. Bg1 Bg3 31. Kc4 Bh4 32. Be3 1/2-1/2

[Event "Druzynowe Mistrzostwa Polski Juniorow 2019 - II Liga"]
[Site "Szczyrk"]
[Date "1899-12-30"]
[Round "6.8"]
[White "Lambrecht, Tomasz"]
[Black "Madajczak, Jakub"]
[Result "0-1"]
[WhiteTitle "II+"]
[BlackTitle "I"]
[WhiteElo "1601"]
[BlackElo "1631"]

1. d4 Nf6 2. c4 c5 3. d5 e6 4. Nc3 exd5 5. cxd5 d6 6. e4 g6 7. Bd3 Bg7 8. h3 O-O
9. Nf3 Re8 10. O-O a6 11. a4 Nbd7 12. Bf4 Qc7 13. Qd2 Rb8 14. a5 c4 15. Bc2 Nc5
16. Rfe1 Nfd7 17. Bg3 b5 18. axb6 Rxb6 19. Rab1 Nb3 20. Bxb3 Rxb3 21. Nd4 Rb7
22. Na4 Ne5 23. Bxe5 Bxe5 24. Nc6 Bd7 25. Rec1 Bxc6 26. Rxc4 Bxa4 27. Rxc7 Rxc7
28. f4 Bg7 29. Qa5 Bc2 30. Qxc7 Bxb1 31. e5 dxe5 32. d6 Bf6 33. d7 Rd8 34. Qd6
Kg7 35. fxe5 Bg5 36. h4 Bxh4 37. Qd4 Be7 38. g4 Ba2 39. e6+ Bf6 40. Qa4 Bxe6 41.
Qxa6 Rxd7 42. Qb5 Rd1+ 43. Kf2 Rd2+ 0-1

[Event "Druzynowe Mistrzostwa Polski Juniorow 2019 - II Liga"]
[Site "Szczyrk"]
[Date "1899-12-30"]
[Round "6.9"]
[White "Madajczak, Piotr"]
[Black "Kolodziejski, Piotr"]
[Result "1/2-1/2"]
[WhiteTitle "I"]
[BlackTitle "I"]
[WhiteElo "1645"]
[BlackElo "1666"]

1. c4 e5 2. Nc3 Bb4 3. Qb3 Nc6 4. e3 Nf6 5. Nge2 O-O 6. g3 Bxc3 7. Nxc3 b6 8. Nd5
Nxd5 9. cxd5 Ne7 10. Bg2 d6 11. O-O Bb7 12. d3 c5 13. e4 Qd7 14. f4 f6 15. fxe5
fxe5 16. Be3 Ba6 17. Rxf8+ Rxf8 18. Rf1 Qb5 19. Qxb5 Bxb5 20. Rxf8+ Kxf8 21. Bf1
Ng8 22. Kf2 Nf6 23. Be2 h6 24. Ke1 Bd7 25. Kf2 Kf7 26. Bd2 a5 27. Bd1 Bb5 28.
Ke3 Bd7 29. Kf2 Bb5 30. Ke3 Bd7 31. Kf2 1/2-1/2

[Event "Druzynowe Mistrzostwa Polski Juniorow 2019 - II Liga"]
[Site "Szczyrk"]
[Date "1899-12-30"]
[Round "6.10"]
[White "Musin, Pawel"]
[Black "Karp, Kacper"]
[Result "0-1"]
[WhiteTitle "II"]
[BlackTitle "I"]
[WhiteElo "1181"]
[BlackElo "1601"]

1. d4 d5 2. c4 e6 3. Nc3 Nf6 4. Bg5 Be7 5. Nf3 O-O 6. e3 h6 7. Bxf6 Bxf6 8. Bd3
Nd7 9. O-O dxc4 10. Bxc4 b6 11. e4 Bb7 12. e5 Be7 13. Qd3 a6 14. Bb3 b5 15. a3
c5 16. Bc2 g6 17. d5 exd5 18. Nxd5 Nb6 19. Nxb6 Qxb6 20. Qe3 Kg7 21. Be4 Rfe8
22. Bxb7 Qxb7 23. Qc3 Kh7 24. h3 c4 25. Rad1 Bc5 26. Rd2 Rac8 27. Qc2 b4 28. Rfd1
Rc7 29. axb4 Bxb4 30. Rd4 c3 31. Qa4 Rb8 32. bxc3 Bxc3 33. Rd7 Rxd7 34. Rxd7 Qb1+
35. Kh2 Qf5 36. Qc4 Qxd7 37. Qxc3 Ra8 38. Qa5 Qb5 39. Qc7 Qd5 40. h4 a5 41. h5
g5 42. Qe7 Qc4 43. Nxg5+ hxg5 44. Qxg5 Qe6 45. Qf4 Re8 46. Qe4+ f5 47. Qb7+ Re7
48. Qb1 Qxe5+ 49. g3 Qe4 50. Qb6 Qg4 51. Qxa5 Qxh5+ 52. Kg2 Qg6 53. Qc5 Qe6 54.
Kh2 Rf7 55. Kg2 Qe4+ 56. Kg1 Rd7 57. Kh2 Qe6 58. Qc8 Re7 59. Qc5 Rg7 60. Qb4 0-1

[Event "Druzynowe Mistrzostwa Polski Juniorow 2019 - II Liga"]
[Site "Szczyrk"]
[Date "1899-12-30"]
[Round "6.11"]
[White "Krzyzosiak, Marta"]
[Black "Karlyk, Maria"]
[Result "1/2-1/2"]
[WhiteTitle "I++"]
[BlackTitle "I"]
[WhiteElo "1631"]
[BlackElo "1703"]

1. e4 c5 2. Nf3 d6 3. d4 cxd4 4. Nxd4 Nc6 5. Nc3 a6 6. Be3 Nf6 7. Be2 Nxd4 8. Bxd4
e5 9. Be3 Bd7 10. O-O Bc6 11. Bf3 Be7 12. g3 O-O 13. Bg2 Qa5 14. Nd5 Bxd5 15.
exd5 Nd7 16. f4 exf4 17. Bxf4 Qb6+ 18. Kh1 Bf6 19. Rb1 Be5 20. Be4 Rae8 21. Bf5
Nf6 22. c4 Qc5 23. b3 Bxf4 24. Rxf4 a5 25. Rb2 Re3 26. Qd4 Re1+ 27. Kg2 Qa3 28.
Rff2 Qb4 29. Bd3 Re5 30. Rf5 Rxf5 31. Bxf5 Re8 1/2-1/2

[Event "Druzynowe Mistrzostwa Polski Juniorow 2019 - II Liga"]
[Site "Szczyrk"]
[Date "1899-12-30"]
[Round "6.12"]
[White "Krzyston, Katarzyna"]
[Black "Jedrzejko, Martyna"]
[Result "0-1"]
[WhiteTitle "II"]
[BlackTitle "I"]
[WhiteElo "1000"]
[BlackElo "1472"]

1. e4 e6 2. d4 d5 3. exd5 exd5 4. Nf3 Bd6 5. Bd3 Nf6 6. O-O O-O 7. Bg5 Bg4 8. Nbd2
Nbd7 9. c4 c6 10. c5 Bc7 11. Qc2 h6 12. Bh4 Re8 13. Rfe1 Ba5 14. Rxe8+ Qxe8 15.
Bxf6 Nxf6 16. Ne5 Be6 17. a3 Bc7 18. Nef3 Qd7 19. Nf1 Re8 20. Re1 Bg4 21. Rxe8+
Qxe8 22. N1d2 Nh5 23. Bf5 Bxf5 24. Qxf5 Nf4 25. Ne5 Ne2+ 26. Kf1 Nxd4 27. Qxf7+
Qxf7 28. Nxf7 Kxf7 29. h3 Bf4 30. Ke1 Bxd2+ 31. Kxd2 Nb3+ 32. Kc3 Nxc5 33. f3
Ne6 34. h4 Kf6 35. Kd3 Nf4+ 36. Kd4 Nxg2 37. h5 Nf4 38. Ke3 Nxh5 39. Kf2 d4 40.
Ke2 Nf4+ 41. Kd2 h5 42. Ke1 h4 43. Kf2 h3 44. Kg3 Kg5 45. Kf2 d3 46. Ke3 h2 47.
Ke4 h1=Q 48. Ke3 Qe1+ 49. Kd4 d2 50. Kc4 d1=R 51. Kb3 Qe6+ 52. Kc3 Rd3+ 53. Kc2
Qb3+ 54. Kc1 Rd4 0-1

[Event "Druzynowe Mistrzostwa Polski Juniorow 2019 - II Liga"]
[Site "Szczyrk"]
[Date "1899-12-30"]
[Round "6.13"]
[White "Swiech, Lukasz"]
[Black "Burdzicki, Jan"]
[Result "1/2-1/2"]
[WhiteTitle "II"]
[BlackTitle "II+"]
[WhiteElo "1625"]
[BlackElo "1717"]

1. d4 d5 2. Nf3 Nf6 3. Bf4 c5 4. e3 Qb6 5. Nc3 a6 6. Rb1 Bg4 7. Be2 e6 8. O-O Nbd7
9. Ne5 Nxe5 10. Bxe5 Bxe2 11. Qxe2 Nd7 12. Bg3 cxd4 13. exd4 Qxd4 14. Rfe1 O-O-O
15. Rbd1 Qc4 16. Qf3 Nf6 17. Ne2 Bb4 18. Rd4 Qb5 19. a4 Qb6 20. c3 Bd6 21. Bxd6
Qxd6 22. c4 e5 23. c5 Qc6 24. Rb4 d4 25. Qxc6+ bxc6 26. Rb6 Nd5 27. Rxc6+ Kb7
28. Rd6 Rxd6 29. cxd6 Kc6 30. Ng3 f6 31. Rc1+ Kxd6 32. Nf5+ Kd7 33. Nxg7 Rc8 34.
Rxc8 Kxc8 35. Kf1 Kd7 36. Nh5 Ke7 37. Ke2 Kf7 38. Ng3 Nf4+ 39. Kf3 Nd3 40. b3
Nc5 41. Ne4 Nxb3 42. g4 Ke6 43. h4 f5 44. Ng5+ Kd5 45. gxf5 Nc5 1/2-1/2

[Event "Druzynowe Mistrzostwa Polski Juniorow 2019 - II Liga"]
[Site "Szczyrk"]
[Date "1899-12-30"]
[Round "6.14"]
[White "Burdzicki, Stanislaw"]
[Black "Owoc, Jakub"]
[Result "1-0"]
[WhiteTitle "I"]
[BlackTitle "II"]
[WhiteElo "1660"]
[BlackElo "1614"]

1. e4 c6 2. d4 d5 3. e5 c5 4. dxc5 Nc6 5. Nf3 e6 6. a3 Bxc5 7. b4 Bb6 8. Bb2 Qc7
9. Bd3 Nge7 10. Nbd2 Bd7 11. c4 Qb8 12. O-O Bc7 13. Re1 Ng6 14. Bxg6 hxg6 15.
cxd5 exd5 16. Nb1 Be6 17. Nc3 O-O 18. Qe2 a6 19. Rac1 Qe8 20. Na4 Rb8 21. Nc5
Qe7 22. Nxa6 bxa6 23. Rxc6 a5 24. Rec1 Bd8 25. b5 Bb6 26. Qd3 Qa7 27. Bd4 Rfd8
28. Rxb6 Rxb6 29. Qe3 Rdb8 30. Rc6 Rxc6 31. Bxa7 Rxb5 32. h3 Rc4 33. Kh2 Rb2 34.
Qg5 Rc8 35. Qe7 Rbc2 36. Bb6 R2c6 37. Bxa5 Rc5 38. Bd8 Bd7 39. Ng5 Rc2 40. Qxf7+
Kh8 41. Qf8# 1-0

[Event "Druzynowe Mistrzostwa Polski Juniorow 2019 - II Liga"]
[Site "Szczyrk"]
[Date "1899-12-30"]
[Round "6.15"]
[White "Krupinski, Mikolaj"]
[Black "Kaliszuk, Kamil"]
[Result "0-1"]
[WhiteTitle "II"]
[BlackTitle "I"]
[WhiteElo "1510"]
[BlackElo "1834"]

1. e4 e5 2. Nf3 Nc6 3. Bc4 Bc5 4. c3 Nf6 5. d3 d6 6. O-O a6 7. Bb3 Ba7 8. Nbd2
h6 9. h3 g5 10. Nh2 Rg8 11. Nc4 Qe7 12. Ne3 Bd7 13. a3 O-O-O 14. Qf3 Be6 15. Nf5
Qf8 16. Bxe6+ fxe6 17. Ng3 d5 18. Be3 d4 19. Bc1 dxc3 20. bxc3 Nd7 21. Rd1 Qxf3
22. Nxf3 g4 23. hxg4 Rxg4 24. Kf1 Nc5 25. Ke2 Na4 26. Rd2 Nxc3+ 27. Ke1 Nb5 28.
Rb1 h5 29. Nh2 Rg6 30. Nf3 Rh8 31. Kf1 h4 32. Ne2 h3 33. Ng3 Rxg3 34. fxg3 h2
35. Nxh2 Rxh2 36. Ra2 Rh1+ 37. Ke2 Nc3+ 38. Kd2 Nxb1+ 39. Kc2 Nc3 40. Kxc3 Rxc1+
0-1

[Event "Druzynowe Mistrzostwa Polski Juniorow 2019 - II Liga"]
[Site "Szczyrk"]
[Date "1899-12-30"]
[Round "6.16"]
[White "Binek, Dawid"]
[Black "Wiszniewski, Szymon"]
[Result "1-0"]
[WhiteTitle "II"]
[BlackTitle "II+"]
[WhiteElo "1322"]
[BlackElo "1473"]

1. c4 Nf6 2. Nc3 g6 3. e4 d6 4. d3 Bg7 5. Nf3 O-O 6. Be2 c5 7. O-O Nc6 8. Be3 a6
9. h3 Rb8 10. a4 b6 11. Qd2 Ne8 12. Bh6 Nc7 13. Bxg7 Kxg7 14. Rfb1 Ne6 15. Nd5
Ned4 16. b4 Nxf3+ 17. Bxf3 Be6 18. bxc5 bxc5 19. Ne3 Nd4 20. Qc3 f6 21. Bd1 Bd7
22. a5 Rxb1 23. Rxb1 Ba4 24. Qa3 Bxd1 25. Nxd1 Nc2 26. Qa4 Nb4 27. Rb3 f5 28.
exf5 Rxf5 29. Ne3 Re5 30. Qa1 Kg8 31. Ng4 Rh5 32. Qa4 e5 33. Ra3 Kg7 34. Ne3 Kf7
35. Nd5 Nxd5 36. cxd5 Qe8 37. Qc4 Qc8 38. Rb3 Rf5 39. Rb6 Rf4 40. Qxa6 Qxa6 41.
Rxa6 Ra4 42. Kf1 Ra2 43. Rxd6 Rxa5 44. Rc6 Ra3 45. Ke2 Rc3 46. Kd2 Ra3 47. Rxc5
Ke7 48. Rc7+ Kd6 49. Rxh7 Kxd5 50. Ke3 Ke6 51. Rh8 Ra4 52. Re8+ Kf6 53. Rb8 Kf5
54. Rb5 Ra3 55. Rb6 Ra4 56. Rd6 Rb4 57. g4+ Kg5 58. Re6 Kh4 59. Rxe5 Kxh3 60.
Rg5 Rb6 61. d4 Kh4 62. f4 Re6+ 63. Re5 Rf6 64. g5 Ra6 65. Kf3 Ra3+ 66. Re3 Ra4
67. Rd3 Ra5 68. d5 Ra7 69. d6 Ra1 70. d7 Rf1+ 71. Ke2 Rxf4 72. d8=Q Kg4 73. Qf6
Re4+ 74. Re3 Ra4 75. Qe6+ Kxg5 76. Rg3+ Kh6 77. Qxg6# 1-0

[Event "Druzynowe Mistrzostwa Polski Juniorow 2019 - II Liga"]
[Site "Szczyrk"]
[Date "1899-12-30"]
[Round "6.17"]
[White "Surpeta, Julia"]
[Black "Orlik, Sandra"]
[Result "1-0"]
[WhiteTitle "I++"]
[BlackTitle "I++"]
[WhiteElo "1564"]
[BlackElo "1805"]

1. e4 c5 2. Nf3 e6 3. c3 d5 4. exd5 Qxd5 5. d4 Nf6 6. Be2 Nc6 7. O-O cxd4 8. cxd4
Be7 9. Nc3 Qd6 10. a3 O-O 11. h3 b6 12. Be3 Bb7 13. Qd2 Na5 14. Bf4 Qd8 15. Rad1
Rc8 16. Ne5 Nd5 17. Bg3 f6 18. Nd3 Nb3 19. Qe1 Nxd4 20. Bg4 f5 21. Bh5 Bf6 22.
Ne5 Nb3 23. Nf7 Qd7 24. Nd6 Bxc3 25. bxc3 Ba6 26. Nxc8 Bxf1 27. Nxb6 axb6 28.
Qxf1 f4 29. Bh2 Qe7 30. Qe1 Nf6 31. Bf3 Ne8 32. Rb1 Nc5 33. Bg4 Nf6 34. Bf3 e5
35. Rxb6 Nfd7 36. Rb5 e4 37. Qe2 Re8 38. Bg4 Nd3 39. Rb7 N3c5 40. Bxd7 Ra8 41.
Rc7 Nxd7 42. Bxf4 Qe6 43. Qb5 Nf6 44. Rxg7+ Kh8 45. Rg3 Rd8 46. Bh6 Ne8 47. Qg5
Rd5 48. Qf4 Rf5 49. Qe3 Rf6 50. Bg5 Rg6 51. Qd4+ Ng7 52. Qd8+ Ne8 53. Be7 Rxg3
54. fxg3 Qf7 55. Qd4+ e3 1-0

[Event "Druzynowe Mistrzostwa Polski Juniorow 2019 - II Liga"]
[Site "Szczyrk"]
[Date "1899-12-30"]
[Round "6.18"]
[White "Bienek, Magdalena"]
[Black "Bar, Klaudia"]
[Result "0-1"]
[WhiteTitle "II"]
[BlackTitle "I"]
[WhiteElo "1104"]
[BlackElo "1512"]

1. d4 Nf6 2. c4 c5 3. Nf3 b5 4. Bf4 Qb6 5. Nbd2 cxd4 6. cxb5 d6 7. Nb3 e5 8. Bd2
Bd7 9. Ba5 Qb7 10. Rc1 Nd5 11. Nfxd4 exd4 12. Qxd4 Nb6 13. Bc3 Qd5 14. Qe3+ Be6
15. Qg3 N8d7 16. Rd1 Qxb5 17. Nd4 Qe5 18. f4 Qe4 19. Nb5 Qc6 20. Nd4 Qc8 21. f5
Bc4 22. b3 Ba6 23. Qe3+ Ne5 24. Nf3 f6 25. Qc1 Nxf3+ 26. exf3 Bxf1 27. Rxf1 Qxf5
28. Qe3+ Kf7 29. Kf2 Nd5 30. Qc1 Rc8 31. g4 Qe6 32. Rfe1 Rxc3 33. Rxe6 Rxc1 34.
Rxc1 Kxe6 35. Re1+ 0-1

[Event "Druzynowe Mistrzostwa Polski Juniorow 2019 - II Liga"]
[Site "Szczyrk"]
[Date "1899-12-30"]
[Round "6.19"]
[White "Grochol, Kamil"]
[Black "Zabron, Maksym"]
[Result "1-0"]
[WhiteTitle "I"]
[BlackTitle "I+"]
[WhiteElo "1714"]
[BlackElo "1739"]

1. Nf3 Nf6 2. b3 g6 3. Bb2 d5 4. g3 Bg7 5. Bg2 O-O 6. O-O c5 7. e3 Nc6 8. Ne5 Qc7
9. Nxc6 bxc6 10. d3 e5 11. Nd2 Be6 12. Qe2 Nd7 13. f4 Rfe8 14. e4 f5 15. exf5
Bxf5 16. Qd1 exf4 17. Bxg7 Kxg7 18. Rxf4 Qe5 19. Nf1 Qc3 20. Rb1 Nf6 21. h3 Re7
22. g4 Bd7 23. Qd2 Qxd2 24. Nxd2 Rae8 25. Rbf1 Ng8 26. Ra4 Bc8 27. Ra5 a6 28.
Rxc5 Bb7 29. c4 Re2 30. Rf2 Re1+ 31. Nf1 Ne7 32. cxd5 Nxd5 33. Bxd5 cxd5 34. Rc7+
R8e7 35. Rfc2 Kf6 36. Kf2 R1e6 37. Rxe7 Rxe7 38. Kg3 Rd7 39. Nd2 Ke5 40. Nf3+
Kd6 41. d4 Rf7 42. h4 Rf8 43. Rf2 Bc6 44. Ne5 Rxf2 45. Kxf2 Be8 46. Ke3 h6 47.
Kf4 Ke6 48. Nd3 Bb5 49. Ne5 Be8 50. a4 Kf6 51. g5+ hxg5+ 52. hxg5+ Ke6 53. Nd3
Kd6 54. Nc5 a5 55. Nb7+ Kc6 56. Nxa5+ Kb6 57. b4 Bxa4 58. Ke5 Kb5 59. Kxd5 Kxb4
60. Nc6+ Kc3 61. Kc5 Bc2 62. d5 Bf5 63. Ne7 Bd7 64. Nxg6 Kd3 65. Ne5+ Bf5 66.
d6+ 1-0

[Event "Druzynowe Mistrzostwa Polski Juniorow 2019 - II Liga"]
[Site "Szczyrk"]
[Date "1899-12-30"]
[Round "6.20"]
[White "Kozubek, Krystian"]
[Black "Oles, Martin"]
[Result "1/2-1/2"]
[WhiteTitle "II+"]
[BlackTitle "I"]
[WhiteElo "1443"]
[BlackElo "1682"]

1. d4 d6 2. Nf3 g6 3. c4 Bg7 4. Nc3 Nf6 5. Bg5 Nbd7 6. e3 c5 7. Be2 O-O 8. Qc2
a6 9. O-O Qc7 10. Rac1 b6 11. Rfd1 Bb7 12. b3 Rfe8 13. d5 h6 14. Bh4 Nh7 15. e4
Ne5 16. Nxe5 Bxe5 17. Bg3 Bd4 18. Qd2 Kg7 19. Bf4 g5 20. Be3 Bxe3 21. Qxe3 e5
22. a4 Rf8 23. Bg4 Bc8 24. Bxc8 Qxc8 25. f3 f5 26. exf5 Qxf5 27. Ne4 Rad8 28.
Rf1 Nf6 29. Rce1 Nxe4 30. fxe4 Qg4 31. h3 Qd7 32. Qe2 Rxf1+ 1/2-1/2

[Event "Druzynowe Mistrzostwa Polski Juniorow 2019 - II Liga"]
[Site "Szczyrk"]
[Date "1899-12-30"]
[Round "6.21"]
[White "Jendrowiak, Maciej"]
[Black "Gradalski, Olaf"]
[Result "1-0"]
[WhiteTitle "II"]
[BlackTitle "II"]
[WhiteElo "1507"]
[BlackElo "1442"]

1. d4 Nf6 2. c4 c5 3. d5 e6 4. Nc3 exd5 5. cxd5 d6 6. e4 g6 7. Bf4 Bg7 8. Bd3 a6
9. a4 O-O 10. Nge2 Qc7 11. O-O Nbd7 12. Rc1 Ng4 13. Bg3 Nge5 14. f4 Nxd3 15. Qxd3
c4 16. Qc2 Nc5 17. Rcd1 Bg4 18. h3 Bxe2 19. Nxe2 b5 20. axb5 axb5 21. e5 Rfe8
22. Nd4 Qb6 23. Nc6 Nd3+ 24. Kh1 dxe5 25. fxe5 Ra2 26. Rxd3 cxd3 27. Qxd3 Raa8
28. Qf3 Qb7 29. d6 Rac8 30. Ne7+ Rxe7 31. dxe7 Qxe7 32. Qd5 b4 33. Re1 Qg5 34.
Qb3 Re8 35. e6 Re7 36. Bd6 Qh4 37. exf7+ 1-0